SCECSAL Pre-Conference Seminar Report: Strengthening information literacy interventions: Using creative approaches to teaching and learning (Record no. 57005)

MARC details
000 -LEADER
fixed length control field 00835nam a2200145 a 4500
008 - FIXED-LENGTH DATA ELEMENTS--GENERAL INFORMATION
fixed length control field 120823s2010 ||||||||||||||||| || u
050 ## - LIBRARY OF CONGRESS CALL NUMBER
Classification number SCECSAL(058)PCSR
110 ## - MAIN ENTRY--CORPORATE NAME
Corporate name or jurisdiction name as entry element Institute of Development Studies (IDS)
245 10 - TITLE STATEMENT
Title SCECSAL Pre-Conference Seminar Report: Strengthening information literacy interventions: Using creative approaches to teaching and learning
Statement of responsibility, etc. BY the Institute of Development Studies (IDS) and the Information Training and Outreach Centre for Africa (ITOCA)
260 ## - PUBLICATION, DISTRIBUTION, ETC.
Place of publication, distribution, etc. Gaborone
Name of publisher, distributor, etc. Institute of Development Studies (IDS)
Date of publication, distribution, etc. 2010
300 ## - PHYSICAL DESCRIPTION
Extent 41p.
650 ## - SUBJECT ADDED ENTRY--TOPICAL TERM
Topical term or geographic name entry element INFORMATION LITERACY-CONGRESSES
710 ## - ADDED ENTRY--CORPORATE NAME
Corporate name or jurisdiction name as entry element Information Training and Outreach Centre for Africa (ITOCA)
995 ## - RECOMMENDATION 995 [LOCAL, UNIMARC FRANCE]
-- CBU-MAIN LIBRARY (Kitwe)
-- 1
-- AVAILABLE
-- Aug 28, 2012
-- International Publications
Holdings
Withdrawn status Lost status Source of classification or shelving scheme Damaged status Not for loan Home library Current library Shelving location Date acquired Total Checkouts Full call number Barcode Date last seen Price effective from Koha item type
          CBU-MAIN LIBRARY, KITWE. CBU-MAIN LIBRARY, KITWE.   11/30/2022   SCECSAL(058)PCSR B138 11/30/2022 11/30/2022 MONOGRAPH